000 01680cab a2200253 4500
001 E90293
008 090401t1998 xxu||||| |||| 00| 0 eng d
035 _a(Sirsi) u84753
041 _aeng
245 _aCity of Glasgow District Council v Secretary of State for Scotland
260 _c1998
350 _a0
490 _aScots Law Times
_v1998 SLT 283-287(5)
520 _aSecond Division. 20 December 1996. Town and country planning - planning permission - appeal determination by reported - change of use of family home to multiple occupation - whether planning permission necessary - whether material change of use - relevance to materiality of policy of local plan - relvance to materiality of statutory scheme for registration of houses in multiple occupation - whether reporter failed to take account of relevant considerations. Enforcement notice - appeal - natural justice - reporter considering issue of law on which no representations made by parties - whether reporter obliged to invite parties to make representations - whether parties prejudiced. Administrative law - natural justice - town and country planning - appeal against enforcement notice - reporter considering issue of law on which no representations made by parties - whether reporter obliged to invite parties to make representations - whether parties prejudiced.
650 _aCHANGE OF USE
650 _aENFORCEMENT NOTICES
650 _aLOCAL DEVELOPMENT PLANS
650 _aPLANNING PERMISSIONS
650 _aTOWN AND COUNTRY PLANNING (SCOTLAND) ACT 1972
650 _aTOWN AND COUNTRY PLANNING
690 _aPLANNING LAW AND PRACTICE-CASE LAW
942 _n0
948 _c09/03/1998
999 _c53302
_d53302